[Event "UK Armed Forces-ch"]
[Site "Wittering"]
[Date "2023.04.17"]
[Round "7"]
[White "Searle, Tristan"]
[Black "Murray, Thomas WJ"]
[Result "1-0"]
[WhiteElo "1345"]
[BlackElo "1437"]
[PlyCount "93"]
[EventDate "2023.04.14"]
[EventType "swiss"]
[EventRounds "7"]
[EventCountry "ENG"]
[SourceTitle "EXT 2024"]
[Source "ChessBase"]
[SourceDate "2023.10.10"]
[SourceVersion "1"]
[SourceVersionDate "2023.10.10"]
[SourceQuality "1"]

1. e4 d5 2. exd5 Qxd5 3. Nc3 Qd8 4. d4 e6 5. a3 Nf6 6. Nf3 Be7 7. Bc4 0-0 8. 0-0 a6 9. d5 exd5 10. Nxd5 Nxd5 11. Bxd5 Bg4 12. Bf4 c6 13. Be4 Nd7 14. Qe1 Nf6 15. Ne5 Nxe4 16. Qxe4 Bh5 17. Qd3 Qxd3 18. Nxd3 Rad8 19. Rae1 Rfe8 20. Re3 f6 21. Rfe1 Kf7 22. f3 g5 23. Bc7 Rd7 24. Bb6 Rg8 25. Nc5 Bxc5 26. Bxc5 Kg6 27. g4 Rd2 28. R1e2 Rxe2 29. Rxe2 Rg7 30. b4 Rd7 31. c3 Rd1+ 32. Kf2 Bxg4 33. fxg4 h5 34. h3 Rd3 35. Re3 Rd2+ 36. Kf3 h4 37. a4 Rh2 38. Ke4 Rf2 39. Rf3 Re2+ 40. Kd3 Rg2 41. Bd4 Rg3 42. Rxg3 hxg3 43. Ke3 g2 44. Kf3 g1Q 45. Bxg1 Kf7 46. Ke4 Ke6 47. Bd4 1-0